Management: an introduction. -- 3rd ed. (Record no. 49863)

MARC details
000 -LEADER
fixed length control field 00583nam a2200169 a 4500
008 - FIXED-LENGTH DATA ELEMENTS--GENERAL INFORMATION
fixed length control field 100322s2005 ||||||||||||||||| || u
020 ## - INTERNATIONAL STANDARD BOOK NUMBER
International Standard Book Number 027369586X
050 ## - LIBRARY OF CONGRESS CALL NUMBER
Classification number HD 31 Bod
100 ## - MAIN ENTRY--PERSONAL NAME
Personal name Boddy, David
245 10 - TITLE STATEMENT
Title Management: an introduction. -- 3rd ed.
Statement of responsibility, etc. David Boddy
250 ## - EDITION STATEMENT
Edition statement 3rd ed.
260 ## - PUBLICATION, DISTRIBUTION, ETC.
Place of publication, distribution, etc. Harlow, Essex
Name of publisher, distributor, etc. Pearson
Date of publication, distribution, etc. 2005
300 ## - PHYSICAL DESCRIPTION
Extent xxi, 727p.: ill.
350 ## - PRICE (NR) (BK AM CF MU VM SE) [OBSOLETE]
Price 0.00
650 #0 - SUBJECT ADDED ENTRY--TOPICAL TERM
Topical term or geographic name entry element MANAGEMENT
995 ## - RECOMMENDATION 995 [LOCAL, UNIMARC FRANCE]
-- 0.00
-- CBU-MAIN LIBRARY (Kitwe)
-- 1
-- 0.00
-- 1
-- AVAILABLE
-- May 11, 2010
-- Main Library Open Access Collection
Holdings
Withdrawn status Lost status Source of classification or shelving scheme Damaged status Not for loan Home library Current library Shelving location Date acquired Total Checkouts Full call number Barcode Date last seen Price effective from Koha item type
          CBU-MAIN LIBRARY, KITWE. CBU-MAIN LIBRARY, KITWE.   11/30/2022   HD 31 Bod 741247 11/30/2022 11/30/2022 MONOGRAPH